Kalkınmanın finansmanı: Küresel ekonomik kriz döneminde uluslararası fon sağlayıcı kuruluşların işbirliği: Türkiye örneği = (Kayıt no. 15508)

MARC ayrıntıları
000 -BAŞLIK
Sabit Uzunlukta Kontrol Alanı 01314nam a22002777a 4500
999 ## - SİSTEM KONTROL NUMARALARI (KOHA)
Koha Biblionumber 15508
Koha Biblioitemnumber 15508
003 - KONTROL NUMARASI IDENTIFIER
Denetim Alanı MIRAKIL
005 - SON İŞLEM TARİHİ VE ZAMANI
Denetim Alanı 20240229141800.0
008 - SABİT-BOY VERİ ELEMANLARI - GENEL BİLGİLER
Sabit Uzunlukta Kontrol Alanı 240229b tu ||||| |||| 00| 0 tur d
020 ## - ULUSLARARASI STANDART KİTAP NUMARASI
Uluslararası Standart Kitap Numarası 9786053130062
040 ## - KATALOGLAMA KAYNAK
Orijinal Kataloglama Ajansı TR-AnCHP
Metne Dönüştürmek Ajansı TR-AnCHP
041 ## - DİL KODU
Metin / Ses Parça Veya Ayrı Başlığın Dil Kodu tur
041 ## - DİL KODU
Metin / Ses Parça Veya Ayrı Başlığın Dil Kodu ing
082 ## - DEWEY ONLU SINIFLANDIRMA NUMARASI
Sınıflandırma Numarası 338.9561
Ürün Numarası H21k 2018
090 ## - SINIFLAMA NUMARASI
Sınıflama Numarası 338.9561 H21k 2018
100 ## - ANA GİRİŞ - KİŞİSEL İSİM
Kişisel Ad Halisçelik, Ergül
Bir Adıyla İlişkilendirilen Tarihler 1973,
Adının Fuller Formu (Dr.).
240 ## - ÜNİFORM BAŞLIK
Üniforma Başlık <a href="Funding for development: Cooperation of international funding organizations during the Global Economic Crisis: The case of Turkey">Funding for development: Cooperation of international funding organizations during the Global Economic Crisis: The case of Turkey</a>
245 10 - BAŞLIK TABLOSU
Başlık Kalkınmanın finansmanı: Küresel ekonomik kriz döneminde uluslararası fon sağlayıcı kuruluşların işbirliği: Türkiye örneği =
Başlığın Kalan Funding for development: Cooperation of international funding organizations during the Global Economic Crisis: The case of Turkey/
Sorumluluk Tablosu, Vb Ergül Halisçelik ; Ergül Halisçelik.
260 ## - YAYIN, DAĞITIM, VB
Yayın, Dağıtım, Vb Yeri Kızılay, Ankara :
Yayıncı, Dağıtıcı, Vs Adı Turhan Kitabevi,
Yayın, Dağıtım, Vb Tarihi 2018.
300 ## - FİZİKSEL TANIM
Kapsam xxiv, 136, xxii, 134 sayfa :
Diğer Fiziksel Ayrıntıları şekil, tablo ;
Boyutlar 21 cm.
504 ## - KAYNAKÇA VB NOT
Kaynakça Vb Notu Kaynakça bölüm sonlarındadır.<br/>
504 ## - KAYNAKÇA VB NOT
Kaynakça Vb Notu Eser Türkçe ve ingilizce şekildedir.
650 #0 - KONU KATMA GİRİŞ - TOPİKAL DÖNEM
9 (RLIN) 396
Topikal Süreli Veya Coğrafi Ad Giriş Elemanı Ekonomi
Genel Alt Bölümü Türkiye
650 #0 - KONU KATMA GİRİŞ - TOPİKAL DÖNEM
9 (RLIN) 399
Topikal Süreli Veya Coğrafi Ad Giriş Elemanı Ekonomi politikası
Genel Alt Bölümü Türkiye
856 ## - ELEKTRONİK YER VE ERİŞİM
Kamu Notu Dijital Nüshası için Partimizin Kütüphane Sorumlusu ile iletişime geçiniz.
942 ## - EKLENDİ GİRİŞ ELEMANLARI (KOHA)
Sınıflandırma Veya Raf Düzeni Kaynak Dewey Decimal Classification
Koha Öğesi Türü Kitaplar
Mevcut
Kalıcı Konum Mevcut Konum Edinme Tarihi Toplam Check-Out'Lar Tam Çağrı Numarası Barkod Tarih Son Görülme İtibaren Geçerli Fiyatlar Koha Öğesi Türü
CHP Kütüphanesi CHP Kütüphanesi 02/29/2024   338.9561 H21k 2018 21376 02/29/2024 02/29/2024 Kitaplar
Parti Okulu Kütüphanesi Parti Okulu Kütüphanesi 03/05/2024   338.9561 H21k 2018 21443 03/05/2024 03/05/2024 Kitaplar